[Event "Bad Soden sim1"]
[Site "Bad Soden"]
[Date "2019.10.03"]
[Round "1.40"]
[White "Anand, Viswanathan"]
[Black "Schweizer, Georg"]
[Result "1/2-1/2"]
[WhiteElo "2765"]
[BlackElo "2063"]
[PlyCount "48"]
[EventDate "2019.10.03"]
[EventType "simul"]
[EventRounds "1"]
[EventCountry "GER"]
[SourceTitle "EXT 2021"]
[Source "ChessBase"]
[SourceDate "2020.10.23"]
[SourceVersion "1"]
[SourceVersionDate "2020.10.23"]
[SourceQuality "1"]

1. c4 Nf6 2. Nf3 c6 3. Nc3 d5 4. e3 Bf5 5. Qb3 Qb6 6. d4 e6 7. Nh4 Be4 8. f3 Bg6 9. Nxg6 hxg6 10. Bd2 Nbd7 11. 0-0-0 Qxb3 12. axb3 Bd6 13. h3 Nh5 14. Bd3 Ng3 15. Rhe1 0-0-0 16. Kc2 Rhe8 17. Ra1 Kb8 18. Ne2 Nxe2 19. Rxe2 Bg3 20. e4 Nf6 21. Be3 Nh5 22. Rd1 Bf4 23. Bf2 Bg3 24. Be3 Bf4 1/2-1/2